| 000 | 00431pab a2200157 454500 | ||
|---|---|---|---|
| 008 | 180718b1998 xxu||||| |||| 00| 0 eng d | ||
| 100 | _aMadhava Rao, V. | ||
| 245 | _aGeographic Information System (GIS) application in micro level planning | ||
| 260 | _c1998 | ||
| 300 | _ap.481-93 | ||
| 362 | _aJul-Sep | ||
| 650 | _aRural planning | ||
| 700 | _aHermon, Rajender R. | ||
| 773 | _aJournal of Rural Development | ||
| 909 | _a39082 | ||
| 999 |
_c39082 _d39082 |
||